ბათუმის შოთა რუსთაველის სახელმწიფო უნივერსიტეტის ბიბლიოთეკა

Problems of Demography and Sociology : (ბიბ.ჩანაწერი № 55368)

000 -LEADER
fixed length control field 00876nam a2200241Ia 4500
001 - CONTROL NUMBER
control field 22446
003 - CONTROL NUMBER IDENTIFIER
control field GE_BSU
005 - DATE AND TIME OF LATEST TRANSACTION
control field 20250826181625.0
008 - FIXED-LENGTH DATA ELEMENTS--GENERAL INFORMATION
fixed length control field 181216s2016||||enk|||||||||||||| ||eng||
020 ## - INTERNATIONAL STANDARD BOOK NUMBER
International Standard Book Number 9789941091520
040 ## - CATALOGING SOURCE
Transcribing agency GE_BSU
041 ## - LANGUAGE CODE
Language code of text/sound track or separate title eng
080 ## - UNIVERSAL DECIMAL CLASSIFICATION NUMBER
Universal Decimal Classification number 314+316.356.2 P-93
245 ## - TITLE STATEMENT
Title Problems of Demography and Sociology :
Remainder of title collection of works (2012-2015) /
Statement of responsibility, etc. Ilia State University, Institute of Demography and Sociology ; editor Avtandil Sulaberidze.
264 ## - PRODUCTION, PUBLICATION, DISTRIBUTION, MANUFACTURE, AND COPYRIGHT NOTICE
Place of production, publication, distribution, manufacture Tbilisi,
Date of production, publication, distribution, manufacture, or copyright notice 2016.
300 ## - PHYSICAL DESCRIPTION
Extent 190 p. :
Other physical details tab. ;
Dimensions 20 cm.
653 ## - INDEX TERM--UNCONTROLLED
keyword Problems of Demography and Sociology
653 ## - INDEX TERM--UNCONTROLLED
keyword collection of works (2012-2015)
653 ## - INDEX TERM--UNCONTROLLED
keyword საქართველოს დემოგრაფია
653 ## - INDEX TERM--UNCONTROLLED
keyword ოჯახის სოციოლოგია საქართველოში
942 ## - ADDED ENTRY ELEMENTS (KOHA)
Koha item type წიგნი
Source of classification or shelving scheme
ეგზემპლარები
Withdrawn status Lost status Source of classification or shelving scheme Damaged status Not for loan Permanent Location Current Location Shelving location Date acquired Cost, normal purchase price Full call number Barcode Date last seen Copy number Price effective from Koha item type Public note
          ბათუმის შოთა რუსთაველის სახელმწიფო უნივერსიტეტის მთავარი ბიბლიოთეკა ბათუმის შოთა რუსთაველის სახელმწიფო უნივერსიტეტის მთავარი ბიბლიოთეკა წიგნსაცავი 2018-12-17 5.00 314+316.356.2 P-93 28117 2018-12-17 28117 2018-12-17 წიგნი 5.00 ₾.
          ბათუმის შოთა რუსთაველის სახელმწიფო უნივერსიტეტის მთავარი ბიბლიოთეკა ბათუმის შოთა რუსთაველის სახელმწიფო უნივერსიტეტის მთავარი ბიბლიოთეკა წიგნსაცავი 2018-12-17 5.00 314+316.356.2 P-93 28118 2018-12-17 28118 2018-12-17 წიგნი 5.00 ₾.